000 00562nam a2200217 4500
003 LK-CoMWRAF
005 20231207091911.0
008 231115b1997 |||||||| |||| 00| 0 eng d
020 _a8175540745
040 _aLK-CoMWRAF
_dLK-CoMWRAF
_eLK-CoMWRAF
041 _aeng
082 _a808
_bFOR
100 _aForsyth, Patrick
245 _a30 Minutes ... to Write a Report
260 _aNew Delhi:
_bKogan Page,
_c1997
300 _a62 p. ; 24 cm.
490 _a30 minutes
650 _aBUSINESS REPORT WRITING
650 _aBusiness writing
942 _cBK
999 _c4086
_d4086